[Event "Benidorm op-A"]
[Site "Benidorm"]
[Date "2023.11.02"]
[Round "6"]
[White "Nava Pereda, Carlos"]
[Black "Dauner, Benedikt"]
[Result "1/2-1/2"]
[WhiteElo "2182"]
[BlackElo "2389"]
[PlyCount "119"]
[EventDate "2023.10.29"]
[EventType "swiss"]
[EventRounds "9"]
[EventCountry "ESP"]
[SourceTitle "CBM 217 Extra"]
[Source "ChessBase"]
[SourceDate "2024.01.31"]
[SourceVersion "1"]
[SourceVersionDate "2024.01.31"]
[SourceQuality "1"]

1. Nf3 d5 2. g3 Nd7 3. c4 dxc4 4. Qa4 a6 5. Qxc4 b5 6. Qb3 Bb7 7. Bg2 e6 8. 0-0 Ngf6 9. d3 Be7 10. Bf4 0-0 11. Rc1 c5 12. a4 Qb6 13. axb5 Bd5 14. Qc2 axb5 15. Nc3 Bc6 16. Ne5 Nxe5 17. Bxe5 Nd7 18. Bf4 Bxg2 19. Kxg2 Qb7+ 20. f3 Rxa1 21. Rxa1 c4 22. Ne4 Nf6 23. Nxf6+ Bxf6 24. dxc4 bxc4 25. Qxc4 Qxb2 26. Rd1 h5 27. h4 Ra8 28. Qe4 Rc8 29. Rb1 Qa2 30. Rb8 Rxb8 31. Bxb8 Qa1 32. Bf4 Qb2 33. Qd3 g6 34. Be3 Kh7 35. Bf2 Bg7 36. Be3 Qb7 37. Qc4 e5 38. Bd2 Qb2 39. Bc3 Qc1 40. Qb3 Qe3 41. Qc2 Qc5 42. Qd2 Bf6 43. Bb4 Qc4 44. Bc3 Bg7 45. Qb2 Qc5 46. Qd2 Qb5 47. Qd3 Qc5 48. e4 Qa3 49. Qc2 Qc5 50. Qd3 Qa7 51. Be1 Bf8 52. Qd2 Qc7 53. Bf2 Qc4 54. Qb2 Bg7 55. Qd2 Bf8 56. Qd5 Qc7 57. Qa2 Bg7 58. Qa7 Qc4 59. Qc5 Qa2 60. Qa7 1/2-1/2

[Event "Benidorm op-A"]
[Site "Benidorm"]
[Date "2023.10.30"]
[Round "2"]
[White "Nava Pereda, Carlos"]
[Black "Olsson, William"]
[Result "0-1"]
[WhiteElo "2182"]
[BlackElo "2378"]
[PlyCount "104"]
[EventDate "2023.10.29"]
[EventType "swiss"]
[EventRounds "9"]
[EventCountry "ESP"]
[SourceTitle "CBM 217 Extra"]
[Source "ChessBase"]
[SourceDate "2024.01.31"]
[SourceVersion "1"]
[SourceVersionDate "2024.01.31"]
[SourceQuality "1"]

1. Nf3 d5 2. g3 Nf6 3. Bg2 c6 4. 0-0 Bg4 5. c4 Nbd7 6. cxd5 cxd5 7. d4 e6 8. Nc3 Bd6 9. Qb3 Nb6 10. Bd2 Nc4 11. Rfd1 a6 12. a4 0-0 13. Ne1 Na5 14. Qa2 Qb6 15. Bg5 Nd7 16. Bf3 Bf5 17. e4 dxe4 18. Nxe4 Bxe4 19. Bxe4 h6 20. Be3 Nf6 21. Bf3 Qd8 22. Nd3 Qe7 23. Rac1 Rac8 24. Nc5 Rfd8 25. b4 Nc6 26. Qb3 Nd5 27. Bxd5 exd5 28. b5 Nxd4 29. Bxd4 Bxc5 30. Bxc5 Rxc5 31. bxa6 Rxc1 32. Rxc1 bxa6 33. Qb6 d4 34. Qc7 Rd7 35. Qb8+ Kh7 36. Qb1+ d3 37. Re1 Qc5 38. Rc1 Qd4 39. Rd1 g6 40. Rd2 Qe4 41. Qd1 a5 42. h3 h5 43. Kh2 Rd4 44. Qb3 Rd7 45. Qb5 Rd5 46. Qb7 Qf3 47. Qe7 Rd4 48. Qe3 Qd5 49. h4 Kg7 50. f3 Kh7 51. Kg2 Qd7 52. Kh2 Qxa4 0-1

[Event "Euskadi-chT (Vasca) Div Honor"]
[Site "Bergara"]
[Date "2017.01.21"]
[Round "2.4"]
[White "Ortega Lopez, Mikel"]
[Black "Nava Pereda, Carlos"]
[Result "1/2-1/2"]
[WhiteElo "2258"]
[BlackElo "2189"]
[PlyCount "75"]
[EventDate "2017.01.14"]
[EventType "team-tourn"]
[EventRounds "9"]
[EventCountry "ESP"]
[SourceTitle "EXT 2024"]
[Source "ChessBase"]
[SourceDate "2023.10.10"]
[SourceVersion "1"]
[SourceVersionDate "2023.10.10"]
[SourceQuality "1"]

1. e4 c5 2. Nf3 Nc6 3. d4 cxd4 4. Nxd4 Nf6 5. Nc3 d6 6. f3 e5 7. Nb3 Be7 8. Be3 0-0 9. Qd2 a5 10. Na4 Be6 11. Nb6 a4 12. Nxa8 Qxa8 13. Nc1 a3 14. bxa3 Qxa3 15. Rb1 d5 16. Rb3 Qa8 17. exd5 Nxd5 18. Bd3 Nxe3 19. Qxe3 Bxb3 20. Nxb3 Bb4+ 21. Kf2 Qxa2 22. Rd1 Rd8 23. Kf1 g6 24. Qe2 Qa7 25. Be4 Rxd1+ 26. Qxd1 Qe3 27. g3 Kg7 28. Qe2 Qc3 29. Qb5 Ne7 30. Qxb7 Qe1+ 31. Kg2 Qe2+ 32. Kg1 Be1 33. Qb6 Nf5 34. Qc5 Ne3 35. Qxe5+ Kh6 36. Qf4+ Kg7 37. Qe5+ Kh6 38. Qf4+ 1/2-1/2

[Event "Bilbao op 9th"]
[Site "Bilbao"]
[Date "2016.07.16"]
[Round "4"]
[White "Nava Pereda, Carlos"]
[Black "Garcia Rodriguez, Inaki"]
[Result "0-1"]
[WhiteElo "2232"]
[BlackElo "2019"]
[PlyCount "134"]
[EventDate "2016.07.13"]
[EventType "swiss"]
[EventRounds "10"]
[EventCountry "ESP"]
[SourceTitle "CBM 173 Extra"]
[Source "ChessBase"]
[SourceDate "2016.08.29"]
[SourceVersion "1"]
[SourceVersionDate "2016.08.29"]
[SourceQuality "1"]

1. Nf3 d6 2. d4 g6 3. c4 Bg7 4. e4 Nf6 5. Nc3 0-0 6. Be2 e5 7. 0-0 Nc6 8. d5 Ne7 9. b4 Ne8 10. c5 Bg4 11. Ne1 Bxe2 12. Qxe2 f5 13. f3 fxe4 14. fxe4 Rxf1+ 15. Qxf1 a5 16. cxd6 cxd6 17. Qb5 Qc7 18. Na4 Nf6 19. Be3 axb4 20. Qxb4 Ng4 21. Nb6 Ra6 22. Nc4 Qd7 23. Bb6 Nc8 24. h3 Nf6 25. Be3 Ra4 26. Qb3 b5 27. Nd2 Nxe4 28. Nxe4 Rxe4 29. Rc1 Ne7 30. Qd3 Ra4 31. Rb1 b4 32. Qc4 Qb7 33. Bg5 Qxd5 34. Qb3 Qxb3 35. axb3 Ra7 36. Rd1 Nf5 37. Nd3 Ra3 38. Nxb4 Rxb3 39. Nd5 Kf7 40. g4 Nd4 41. Be3 Nf3+ 42. Kf2 e4 43. Rc1 Rb2+ 44. Kg3 Be5+ 45. Bf4 g5 46. Bxe5 Nxe5 47. Re1 Rd2 48. Ne3 Rd3 49. Kg2 Ke6 50. Nf5 d5 51. Rb1 Nf3 52. Rb7 Ke5 53. Rxh7 Kf4 54. Rf7 Rd2+ 55. Kf1 Rd1+ 56. Kf2 Rd2+ 57. Kf1 Ke5 58. Re7+ Kf6 59. Re8 Nd4 60. Rf8+ Ke6 61. Nxd4+ Rxd4 62. Rf5 Rd3 63. Kg2 d4 64. Rxg5 Rd2+ 65. Kg3 e3 66. Kf3 Rf2+ 67. Ke4 e2 0-1

[Event "San Sebastian op 39th"]
[Site "San Sebastian"]
[Date "2016.03.23"]
[Round "6"]
[White "Lagos Lejarraga, Jon"]
[Black "Nava Pereda, Carlos"]
[Result "1-0"]
[WhiteElo "1919"]
[BlackElo "2268"]
[PlyCount "53"]
[EventDate "2016.03.19"]
[EventType "swiss"]
[EventRounds "9"]
[EventCountry "ESP"]
[SourceTitle "CBM 171 Extra"]
[Source "ChessBase"]
[SourceDate "2016.04.26"]
[SourceVersion "1"]
[SourceVersionDate "2016.04.26"]
[SourceQuality "1"]

1. e4 Nc6 2. Nc3 e6 3. Nf3 d5 4. d4 Nf6 5. Bg5 Be7 6. e5 Ne4 7. Bxe7 Qxe7 8. Nxe4 dxe4 9. Nd2 Nxd4 10. Nxe4 Nc6 11. c3 Nxe5 12. Qd4 f6 13. 0-0-0 0-0 14. f4 Nf7 15. Bc4 Rd8 16. Qe3 b6 17. Rxd8+ Nxd8 18. Re1 Kh8 19. Bd3 Nf7 20. Nxf6 Bb7 21. Nxh7 Rd8 22. Bg6 Qh4 23. g3 Qxh2 24. Qxe6 Qd2+ 25. Kb1 Nh6 26. Ng5 Ba6 27. Qe8+ 1-0

[Event "Gibraltar Masters 14th"]
[Site "Caleta"]
[Date "2016.02.03"]
[Round "9"]
[White "Galinsky, Timofey"]
[Black "Nava Pereda, Carlos"]
[Result "1-0"]
[WhiteElo "2379"]
[BlackElo "2262"]
[PlyCount "83"]
[EventDate "2016.01.26"]
[EventType "swiss"]
[EventRounds "10"]
[EventCountry "GGB"]
[SourceTitle "CBM 171"]
[Source "ChessBase"]
[SourceDate "2016.03.14"]
[SourceVersion "2"]
[SourceVersionDate "2016.03.14"]
[SourceQuality "1"]

1. e4 d5 2. exd5 Qxd5 3. Nc3 Qd6 4. d4 Nf6 5. g3 c6 6. Bg2 Bf5 7. Bf4 Qd8 8. Nf3 e6 9. 0-0 h6 10. Qe2 Be7 11. Rad1 0-0 12. Ne5 Nbd7 13. a3 Nd5 14. Nxd5 exd5 15. g4 Nxe5 16. dxe5 Be6 17. h3 Qb6 18. Bc1 d4 19. Kh1 Rad8 20. f4 Qc5 21. b3 Bd5 22. Bb2 a5 23. Rd3 Bxg2+ 24. Qxg2 g5 25. Rfd1 gxf4 26. Bxd4 Qxa3 27. e6 c5 28. Ra1 Qb4 29. Bc3 Qb5 30. exf7+ Rxf7 31. Rxd8+ Bxd8 32. Qe4 Qc6 33. Qxc6 bxc6 34. Bxa5 Bg5 35. Bb6 Rd7 36. Ra8+ Kf7 37. Ra7 Rxa7 38. Bxa7 c4 39. bxc4 Ke6 40. Kg2 h5 41. Bb8 hxg4 42. hxg4 1-0

[Event "Euskadi-chT (Vasca) Div Honor"]
[Site "Bergara"]
[Date "2016.01.16"]
[Round "2.1"]
[White "Ortega Lopez, Mikel"]
[Black "Nava Pereda, Carlos"]
[Result "0-1"]
[WhiteElo "2299"]
[BlackElo "2262"]
[PlyCount "66"]
[EventDate "2016.01.09"]
[EventType "team-tourn"]
[EventRounds "9"]
[EventCountry "ESP"]
[SourceTitle "EXT 2024"]
[Source "ChessBase"]
[SourceDate "2023.10.10"]
[SourceVersion "1"]
[SourceVersionDate "2023.10.10"]
[SourceQuality "1"]

1. e4 d5 2. exd5 Qxd5 3. Nc3 Qd6 4. d4 Nf6 5. Bg5 h6 6. Bh4 c6 7. Bc4 Bf5 8. Nf3 Nbd7 9. Bb3 e6 10. Bg3 Qb4 11. 0-0 Be7 12. Ne5 Nxe5 13. dxe5 Rd8 14. Qe2 Nd5 15. Nxd5 cxd5 16. c3 Qa5 17. Bc2 Bxc2 18. Qxc2 0-0 19. f4 d4 20. cxd4 Rxd4 21. Rfd1 Rfd8 22. Rxd4 Rxd4 23. Qc8+ Rd8 24. Qxb7 Bc5+ 25. Kh1 Qxa2 26. Rf1 Qc4 27. Qf3 Rd3 28. Qe2 Qd5 29. Be1 g6 30. Bc3 h5 31. Re1 h4 32. Qe4 Qxe4 33. Rxe4 Bf2 0-1

[Event "Euskadi-chT (Vasca) Div Honor"]
[Site "Bergara"]
[Date "2015.02.07"]
[Round "5.5"]
[White "Nava Pereda, Carlos"]
[Black "Reinaldo Castineira, Roi"]
[Result "0-1"]
[WhiteElo "2266"]
[BlackElo "2487"]
[PlyCount "104"]
[EventDate "2015.01.10"]
[EventType "team-tourn"]
[EventRounds "9"]
[EventCountry "ESP"]
[SourceTitle "EXT 2024"]
[Source "ChessBase"]
[SourceDate "2023.10.10"]
[SourceVersion "1"]
[SourceVersionDate "2023.10.10"]
[SourceQuality "1"]

1. d4 Nf6 2. Nf3 e6 3. Bg5 h6 4. Bh4 d6 5. c3 g5 6. Bg3 Nh5 7. e4 Bg7 8. Nfd2 Nxg3 9. hxg3 Nc6 10. Bb5 Bd7 11. Qe2 Qe7 12. g4 0-0-0 13. Nf1 f5 14. d5 exd5 15. exf5 Qf7 16. Na3 d4 17. cxd4 Nxd4 18. Bxd7+ Rxd7 19. Qd3 Qd5 20. Ne3 Nf3+ 21. Ke2 Qxd3+ 22. Kxd3 Bxb2 23. gxf3 Bxa3 24. Rh3 d5 25. Rah1 Bf8 26. f4 gxf4 27. Ng2 Rg8 28. f3 c5 29. Nxf4 c4+ 30. Kc2 d4 31. Ne6 Bb4 32. Rxh6 d3+ 33. Kb2 b5 34. a3 Bd6 35. f4 Rxg4 36. Rg6 Rxf4 37. Nxf4 Be5+ 38. Ka2 Bxf4 39. Rg4 Be5 40. Re4 Rd5 41. Rg4 c3 42. Kb3 c2 43. Re4 a5 44. Rxe5 Rxe5 45. Kc3 Rc5+ 46. Kd2 Kd7 47. Re1 c1Q+ 48. Rxc1 Rxc1 49. Kxc1 b4 50. axb4 a4 51. f6 a3 52. f7 Ke7 0-1

[Event "Erandio op 23rd"]
[Site "Erandio"]
[Date "2014.12.21"]
[Round "3"]
[White "Nava Pereda, Carlos"]
[Black "Porras Campo, Ruben"]
[Result "1-0"]
[WhiteElo "2277"]
[BlackElo "2067"]
[PlyCount "111"]
[EventDate "2014.12.20"]
[EventType "swiss"]
[EventRounds "8"]
[EventCountry "ESP"]
[SourceTitle "CBM 164 Extra"]
[Source "ChessBase"]
[SourceDate "2015.03.02"]
[SourceVersion "1"]
[SourceVersionDate "2015.03.02"]
[SourceQuality "1"]

1. d4 Nf6 2. Nf3 g6 3. g3 Bg7 4. Bg2 0-0 5. 0-0 d6 6. Re1 c5 7. c3 Nc6 8. dxc5 dxc5 9. Qxd8 Rxd8 10. Be3 Nd7 11. Na3 b6 12. Nd4 cxd4 13. Bxc6 Bb7 14. Bxb7 Rab8 15. Bxd4 Bxd4 16. cxd4 Rxb7 17. Rac1 b5 18. Red1 Nf6 19. Rc5 Ne4 20. Rxb5 Rxb5 21. Nxb5 Rb8 22. a4 a6 23. Nc3 Nxc3 24. bxc3 Rc8 25. Rd3 Rc4 26. Re3 Kf8 27. a5 Ke8 28. Kf1 Kd7 29. Ke1 f6 30. g4 Ra4 31. Rh3 Rxa5 32. Rxh7 g5 33. Kd2 Ra1 34. h4 gxh4 35. Rxh4 a5 36. g5 fxg5 37. Rg4 a4 38. Rxg5 a3 39. Ra5 a2 40. Kc2 Re1 41. Rxa2 Rxe2+ 42. Kb3 Re1 43. Kc4 Re6 44. Kd3 Rb6 45. c4 Rb3+ 46. Ke4 Rc3 47. c5 Kc6 48. Ra7 Rc1 49. d5+ Kb5 50. c6 Re1+ 51. Kf5 Rd1 52. Ke6 Re1+ 53. Kf7 Re2 54. Rb7+ Ka6 55. Rxe7 Rxf2+ 56. Ke6 1-0

[Event "San Sebastian op 37th"]
[Site "San Sebastian"]
[Date "2014.04.17"]
[Round "7"]
[White "Pastor Pons, Pedro Maria"]
[Black "Nava Pereda, Carlos"]
[Result "1/2-1/2"]
[WhiteElo "2165"]
[BlackElo "2285"]
[PlyCount "59"]
[EventDate "2014.04.12"]
[EventType "swiss"]
[EventRounds "9"]
[EventCountry "ESP"]
[SourceTitle "CBM 159 Extra"]
[Source "ChessBase"]
[SourceDate "2014.04.24"]
[SourceVersion "1"]
[SourceVersionDate "2014.04.24"]
[SourceQuality "1"]

1. c4 e6 2. Nc3 d5 3. cxd5 exd5 4. d4 c6 5. Bf4 Bd6 6. Bxd6 Qxd6 7. e3 Ne7 8. Bd3 Bf5 9. Nge2 Bxd3 10. Qxd3 Qg6 11. Nf4 Qxd3 12. Nxd3 Nd7 13. 0-0 0-0 14. b4 b6 15. Rfc1 Rfc8 16. a4 a5 17. b5 c5 18. dxc5 Nxc5 19. Nxc5 Rxc5 20. Ne2 Rac8 21. Kf1 Kf8 22. Rxc5 Rxc5 23. Rc1 Rxc1+ 24. Nxc1 Ke8 25. Ke2 Kd7 26. Kd3 Kd6 27. Nb3 h5 28. h3 Nf5 29. Nd4 Nxd4 30. exd4 1/2-1/2

[Event "San Sebastian op 37th"]
[Site "San Sebastian"]
[Date "2014.04.16"]
[Round "6"]
[White "Nava Pereda, Carlos"]
[Black "Spraggett, Kevin"]
[Result "0-1"]
[WhiteElo "2285"]
[BlackElo "2561"]
[PlyCount "52"]
[EventDate "2014.04.12"]
[EventType "swiss"]
[EventRounds "9"]
[EventCountry "ESP"]
[SourceTitle "CBM 159 Extra"]
[Source "ChessBase"]
[SourceDate "2014.04.24"]
[SourceVersion "1"]
[SourceVersionDate "2014.04.24"]
[SourceQuality "1"]

1. g3 e5 2. c4 Nc6 3. Bg2 Bc5 4. Nc3 a6 5. e3 Ba7 6. Nge2 d6 7. 0-0 Nge7 8. h3 0-0 9. Rb1 Rb8 10. d3 Bf5 11. Kh2 b5 12. e4 Bd7 13. b3 f5 14. Be3 Nd4 15. Bxd4 exd4 16. Nd5 c6 17. Nxe7+ Qxe7 18. Qd2 bxc4 19. bxc4 Rxb1 20. Rxb1 fxe4 21. Bxe4 Rxf2+ 22. Kg1 Qf8 23. Qe1 Rf7 24. h4 Re7 25. Qa5 Rxe4 26. Qe1 Re7 0-1

[Event "Euskadi-chT (Vasca) Div Honor"]
[Site "Bergara"]
[Date "2014.03.01"]
[Round "8.1"]
[White "Astasio Lopez, David"]
[Black "Nava Pereda, Carlos"]
[Result "1-0"]
[WhiteElo "2407"]
[BlackElo "2249"]
[PlyCount "69"]
[EventDate "2014.01.11"]
[EventType "team-tourn"]
[EventRounds "9"]
[EventCountry "ESP"]
[SourceTitle "EXT 2024"]
[Source "ChessBase"]
[SourceDate "2023.10.10"]
[SourceVersion "1"]
[SourceVersionDate "2023.10.10"]
[SourceQuality "1"]

1. d4 e6 2. Nf3 f5 3. Nc3 Nf6 4. Bg5 d5 5. e3 Be7 6. Bd3 Ne4 7. Bxe7 Qxe7 8. 0-0 0-0 9. Ne2 Nd7 10. c4 c6 11. Qc2 Kh8 12. Rab1 a5 13. a3 g5 14. b4 axb4 15. axb4 g4 16. Ne5 Nxe5 17. dxe5 Qg7 18. cxd5 exd5 19. b5 Bd7 20. e6 Bxe6 21. bxc6 bxc6 22. Bxe4 dxe4 23. Qxc6 Bg8 24. Rb7 Qe5 25. Rc7 Ra1 26. g3 Rxf1+ 27. Kxf1 Rf6 28. Qc2 h5 29. Nf4 Bf7 30. Kg2 Kg8 31. Ra7 Rb6 32. Qc8+ Qe8 33. Qxf5 Rb5 34. Qf6 Rc5 35. Ng6 1-0

[Event "Euskadi-chT (Vasca) Div Honor"]
[Site "Bergara"]
[Date "2014.02.15"]
[Round "6.2"]
[White "Nava Pereda, Carlos"]
[Black "Jimenez Martin, Gustavo"]
[Result "1-0"]
[WhiteElo "2249"]
[BlackElo "2149"]
[PlyCount "87"]
[EventDate "2014.01.11"]
[EventType "team-tourn"]
[EventRounds "9"]
[EventCountry "ESP"]
[SourceTitle "EXT 2024"]
[Source "ChessBase"]
[SourceDate "2023.10.10"]
[SourceVersion "1"]
[SourceVersionDate "2023.10.10"]
[SourceQuality "1"]

1. c4 e6 2. g3 d5 3. Bg2 c6 4. Qc2 Bd6 5. d4 f5 6. Nf3 Nf6 7. 0-0 0-0 8. Nc3 b6 9. Bf4 Bb7 10. cxd5 Nxd5 11. Bxd6 Qxd6 12. Ne5 Nd7 13. Nxd7 Qxd7 14. Rfd1 Rac8 15. e4 fxe4 16. Nxe4 Qe7 17. Re1 h6 18. h4 Nf6 19. Qb3 Rce8 20. a4 Nxe4 21. Bxe4 Qf6 22. Qe3 Rd8 23. Rad1 Rd6 24. Rd2 Rfd8 25. Red1 Kh8 26. f4 Kg8 27. b4 R8d7 28. Bc2 Ba6 29. Bb3 Kh8 30. Bc2 Bc4 31. Qe4 Kg8 32. h5 c5 33. bxc5 bxc5 34. Qh7+ Kf8 35. Bg6 Ke7 36. Qh8 Rd8 37. Qh7 Rxd4 38. Rxd4 Rxd4 39. Re1 Rd2 40. Re5 Rd1+ 41. Kf2 Rd8 42. Bc2 Rd2+ 43. Kf3 Rd5 44. Qe4 1-0

[Event "Euskadi-chTA"]
[Site "Bergara"]
[Date "2013.02.02"]
[Round "4.1"]
[White "Nava Pereda, Carlos"]
[Black "Franco Alonso, Alejandro"]
[Result "0-1"]
[WhiteElo "2272"]
[BlackElo "2488"]
[PlyCount "70"]
[EventDate "2013.01.12"]
[EventType "team-tourn"]
[EventRounds "9"]
[EventCountry "ESP"]
[SourceTitle "EXT 2014"]
[Source "ChessBase"]
[SourceDate "2013.11.20"]
[SourceVersion "1"]
[SourceVersionDate "2013.11.20"]
[SourceQuality "1"]

1. c4 e5 2. Nc3 Nf6 3. Nf3 Nc6 4. e3 Bb4 5. Nd5 Bd6 6. a3 0-0 7. Qc2 Nxd5 8. cxd5 Ne7 9. Bc4 b5 10. Ba2 Bb7 11. e4 c6 12. dxc6 Rc8 13. d3 Bxc6 14. Qe2 Ng6 15. g3 Bc5 16. Bg5 Be7 17. h4 d6 18. 0-0 Bd7 19. Bxe7 Nxe7 20. Rfc1 Bg4 21. Qe3 Bxf3 22. Qxf3 Nc6 23. Rc3 Nd4 24. Qg4 Rc5 25. Rac1 Qc8 26. Qxc8 Rfxc8 27. Rxc5 Rxc5 28. Rxc5 dxc5 29. Kg2 Kf8 30. f4 f6 31. f5 a5 32. Kf2 a4 33. Bd5 b4 34. Bc4 Ke7 35. g4 h6 0-1

[Event "Euskadi-chTA"]
[Site "Bergara"]
[Date "2013.01.26"]
[Round "3.2"]
[White "Nava Pereda, Carlos"]
[Black "Munoz Perez, Ivan"]
[Result "0-1"]
[WhiteElo "2272"]
[BlackElo "2280"]
[PlyCount "88"]
[EventDate "2013.01.12"]
[EventType "team-tourn"]
[EventRounds "9"]
[EventCountry "ESP"]
[SourceTitle "EXT 2014"]
[Source "ChessBase"]
[SourceDate "2013.11.20"]
[SourceVersion "1"]
[SourceVersionDate "2013.11.20"]
[SourceQuality "1"]

1. c4 Nf6 2. Nc3 g6 3. e4 d6 4. d4 Bg7 5. f3 0-0 6. Be3 e5 7. Nge2 c6 8. Qd2 a6 9. 0-0-0 Qa5 10. Kb1 b5 11. Nc1 Nbd7 12. Nb3 Qc7 13. dxe5 dxe5 14. Qd6 Ne8 15. Qxc7 Nxc7 16. Rd6 Nb8 17. Na5 Re8 18. c5 Bf8 19. Rd2 Ne6 20. b4 Be7 21. Be2 Bd8 22. Rhd1 Ra7 23. Nb3 a5 24. Nxa5 Bxa5 25. bxa5 Rxa5 26. Kb2 b4 27. Nb1 Ba6 28. Bxa6 Nxa6 29. Rd6 Rc8 30. Nd2 Naxc5 31. Nc4 Ra6 32. Nxe5 Rca8 33. Bxc5 Rxa2+ 34. Kb3 Nxc5+ 35. Kxb4 Ne6 36. Nxc6 Rb2+ 37. Kc3 Rxg2 38. R1d2 Ra3+ 39. Kc4 Rxd2 40. Rxd2 Rxf3 41. Kd5 Kg7 42. Kd6 Re3 43. e5 Ng5 44. Kd5 h5 0-1